Письмо Евгении Ивановны Сенявиной к Ольге Илларионовне Васильчиковой с поручением от Александра Илларионовича Васильчикова узнат...

Доступно только в Электронных читальных залах Найти на картеНа карте
RUSMARC
00003574nmc2a2200000 x 450
001d7e27a7a-a252-4f88-b7c5-2701f648ffdb
00520151218152135.0
100##$a20150908l18521855k l0rusy0189 ca
1010#$arus
$afre
102##$aRU
2001#$aПисьмо Евгении Ивановны Сенявиной к Ольге Илларионовне Васильчиковой с поручением от Александра Илларионовича Васильчикова узнать о здоровье А. Новицкой
$j[1852-1855 гг.]
251##$cДело
300##$aНа русском и французском языках
801#0$aRU
$bРГИА
$c20150908
$gRCR
801#1$aRU
$bГлавНИВЦ
$c20150908
$2rusmarc
801#2$aRU
$bПБ им. Б.Н. Ельцина
$c20151218
$gRCR
$2rusmarc
850##$aРГИА
852##$aРГИА
$eФедеральное казенное учреждение "Российский государственный исторический архив" (РГИА)
$j954
937##$hРГИА
$d12147423
$aASBIBLIO_SCAN
462#0$1001822e29f6-cf5c-4253-b938-c1de610979e5
$12001
$aАрхив князей Васильчиковых. 1706-1917 гг.
$1251
$cОпись
$1852
$j1
461#0$1001f72a1ecb-9a9a-44e3-87ff-4a647e6521fe
$12001
$aВасильчиковы, князья
$1251
$cФонд
$1852
$j651
215##$a2 л.
$d36,5х26 см
371##$aДокумент не является опубликованным и широко распространяемым
105##$ay###
1220#$ad
035##$ad7e27a7a-a252-4f88-b7c5-2701f648ffdb
Формат отображения